00469nam a22001457a 450000500170000000800410001702000150005804100130007308200150008610000130010124501050011426000530021930000260027265000250029820231121124138.0231121b |||||||| |||| 00| 0 eng d a8790730828 aEnglish  a342.8 REP  lEnglish  aReport of the African Commission's Working Group of Experts on Indigenous Populations / Communities  aNorth America : bTransaction Publishers, c2005 b121 pages ; c22 cm.  aLegal practice bLaw